<?xml version="1.0" encoding="UTF-8"?>
<collection xmlns="http://www.loc.gov/MARC21/slim">
    <record>
        <controlfield tag="001">85863</controlfield>
        <controlfield tag="005">20191119144727.0</controlfield>
        <datafield tag="037" ind1=" " ind2=" ">
            <subfield code="a">TAZ-TFG-2019-319</subfield>
        </datafield>
        <datafield tag="041" ind1=" " ind2=" ">
            <subfield code="a">spa</subfield>
        </datafield>
        <datafield tag="100" ind1="1" ind2=" ">
            <subfield code="a">Hostaled Lacasta, Adrián</subfield>
        </datafield>
        <datafield tag="242" ind1="0" ind2="0">
            <subfield code="a">Analysis of mutual funds in Spain. Comparison between long-term fixed income funds and equity mutual funds.</subfield>
        </datafield>
        <datafield tag="245" ind1="0" ind2="0">
            <subfield code="a">Análisis de fondos de inversión en España. Comparación entre fondos de renta fija a largo plazo y fondos de renta variable.</subfield>
        </datafield>
        <datafield tag="260" ind1=" " ind2=" ">
            <subfield code="a">Zaragoza</subfield>
            <subfield code="b">Universidad de Zaragoza</subfield>
            <subfield code="c">2019</subfield>
        </datafield>
        <datafield tag="506" ind1=" " ind2=" ">
            <subfield code="a">by-nc-sa</subfield>
            <subfield code="b">Creative Commons</subfield>
            <subfield code="c">3.0</subfield>
            <subfield code="u">http://creativecommons.org/licenses/by-nc-sa/3.0/</subfield>
        </datafield>
        <datafield tag="520" ind1=" " ind2=" ">
            <subfield code="a">El objetivo de este trabajo es exponer el funcionamiento y las características de los fondos de inversión en España. Para ello, se llevará a cabo una completa descripción de su evolución en España y de la trayectoria que han tenido las Instituciones de Inversión Colectiva en nuestro país. Para la sección empírica de este trabajo se busca realizar una comparación entre los fondos de inversión de renta fija a largo plazo y los fondos de inversión de renta variable en términos de rentabilidad y probabilidades de ganancias o pérdidas en España. Para ello, se partirá del año previo a la reciente crisis económica (2007) y se pormenorizarán las particularidades de aquella recesión económica encuadrando su influjo en las Instituciones de Inversión Colectiva. Paralelamente, el otro propósito de este trabajo es evaluar como influyó la crisis económica en los resultados de ambos tipos de fondos de inversión españoles; los de renta fija a largo plazo y los de renta variable.</subfield>
        </datafield>
        <datafield tag="521" ind1=" " ind2=" ">
            <subfield code="a">Graduado en Administración y Dirección de Empresas</subfield>
        </datafield>
        <datafield tag="540" ind1=" " ind2=" ">
            <subfield code="a">Derechos regulados por licencia Creative Commons</subfield>
        </datafield>
        <datafield tag="700" ind1=" " ind2=" ">
            <subfield code="a">Marco Sanjuán, Isabel</subfield>
            <subfield code="e">dir.</subfield>
        </datafield>
        <datafield tag="710" ind1="2" ind2=" ">
            <subfield code="a">Universidad de Zaragoza</subfield>
            <subfield code="b">Contabilidad y Finanzas</subfield>
            <subfield code="c">Economía Financiera y Contabilidad</subfield>
        </datafield>
        <datafield tag="856" ind1="0" ind2=" ">
            <subfield code="f">699868@celes.unizar.es</subfield>
        </datafield>
        <datafield tag="856" ind1="4" ind2=" ">
            <subfield code="s">2255564</subfield>
            <subfield code="u">http://zaguan.unizar.es/record/85863/files/TAZ-TFG-2019-319.pdf</subfield>
            <subfield code="y">Memoria (spa)</subfield>
        </datafield>
        <datafield tag="909" ind1="C" ind2="O">
            <subfield code="o">oai:zaguan.unizar.es:85863</subfield>
            <subfield code="p">driver</subfield>
            <subfield code="p">trabajos-fin-grado</subfield>
        </datafield>
        <datafield tag="950" ind1=" " ind2=" ">
            <subfield code="a"></subfield>
        </datafield>
        <datafield tag="951" ind1=" " ind2=" ">
            <subfield code="a">deposita:2019-11-19</subfield>
        </datafield>
        <datafield tag="980" ind1=" " ind2=" ">
            <subfield code="a">TAZ</subfield>
            <subfield code="b">TFG</subfield>
            <subfield code="c">ECON</subfield>
        </datafield>
        <datafield tag="999" ind1=" " ind2=" ">
            <subfield code="a">20190219123040.CREATION_DATE</subfield>
        </datafield>
    </record>

    
</collection>